000 00351nam a2200133Ia 4500
008 240624s9999 xx 000 0 und d
041 _aeng
082 _a332.45 LIE
100 _aLIEW LEONG H
245 _aMAKING OF CHINA S EXCHANGE RATE POLICY F
260 _c2007
_aUnited Kingdom
_bEdward Elgar
300 _aviii, 249 p.; 23 cm.
365 _c
_b38
999 _c30685
_d30685